| 000 | 00816nam a2200217 a 4500 | ||
|---|---|---|---|
| 003 | 0 | ||
| 005 | 20250301094334.0 | ||
| 008 | 100902s19uu xx 00 eng d | ||
| 050 |
_aPGS RA 407.3 _b.G233 2010 |
||
| 100 | _aGarlan, Chloe E. | ||
| 245 |
_aHealth consciousness among grade school students / _cChloe E. Garlan. |
||
| 260 |
_aLas PiƱas City, Philippines : _bSouthville International School and Colleges, _c2010. |
||
| 300 |
_a20 pages : _billustrations ; _c28 cm. |
||
| 504 | _aIncludes bibliographical references. | ||
| 650 | _aHealth behavior in children. | ||
| 650 |
_aHealth attitudes _vGender differences . |
||
| 650 | _aHealth awareness in elementary students. | ||
| 650 |
_aSchool health education _vEffectiveness. |
||
| 650 | _aGender differences in health behavior. | ||
| 942 |
_2lcc _cPASS |
||
| 999 |
_c98329 _d98329 |
||